|
|
|
|
| LEADER |
00000cam a22000002c 4500 |
| 001 |
1912460289 |
| 003 |
DE-627 |
| 005 |
20250128054949.0 |
| 007 |
tu |
| 008 |
241217s1984 xx ||||| 00| ||eng c |
| 035 |
|
|
|a (DE-627)1912460289
|
| 035 |
|
|
|a (DE-599)KXP1912460289
|
| 040 |
|
|
|a DE-627
|b ger
|c DE-627
|e rda
|
| 041 |
|
|
|a eng
|
| 084 |
|
|
|a 2,1
|2 ssgn
|
| 100 |
1 |
|
|a Wright, J.D.
|e VerfasserIn
|4 aut
|
| 245 |
1 |
4 |
|a The Armed Criminal in America, Final Report
|
| 264 |
|
1 |
|a [Erscheinungsort nicht ermittelbar]
|b University of Massachusetts, Social and Demographic Research Institute
|c 1984
|
| 336 |
|
|
|a Text
|b txt
|2 rdacontent
|
| 337 |
|
|
|a ohne Hilfsmittel zu benutzen
|b n
|2 rdamedia
|
| 338 |
|
|
|a Band
|b nc
|2 rdacarrier
|
| 700 |
1 |
|
|a Rossi, P.H.
|e VerfasserIn
|4 aut
|
| 787 |
0 |
8 |
|i Forschungsdaten
|a Wright, James
|t Armed Criminals in America: A Survey of Incarcerated Felons, 1983
|d [Erscheinungsort nicht ermittelbar] : [Verlag nicht ermittelbar], 1985
|w (DE-627)1840065958
|
| 935 |
|
|
|a mkri
|
| 951 |
|
|
|a BO
|
| ELC |
|
|
|b 1
|
| LOK |
|
|
|0 000 xxxxxcx a22 zn 4500
|
| LOK |
|
|
|0 001 4637425778
|
| LOK |
|
|
|0 003 DE-627
|
| LOK |
|
|
|0 004 1912460289
|
| LOK |
|
|
|0 005 20241217044144
|
| LOK |
|
|
|0 008 241217||||||||||||||||ger|||||||
|
| LOK |
|
|
|0 035
|a (DE-2619)ICPSR32617
|
| LOK |
|
|
|0 040
|a DE-2619
|c DE-627
|d DE-2619
|
| LOK |
|
|
|0 092
|o n
|
| LOK |
|
|
|0 852
|a DE-2619
|
| LOK |
|
|
|0 852 1
|9 00
|
| LOK |
|
|
|0 935
|a nacp
|
| LOK |
|
|
|0 939
|a 17-12-24
|b l01
|
| ORI |
|
|
|a SA-MARC-krimdoka001.raw
|